000 00900nam a2200193 i 4500
001 164377
003 ES-MaACL
005 20251005063131.0
008 050802s1868 fr | |||||||| ||fre d
040 _aCAM
_bspa
_cCAM
100 1 _aSainte-Beuve, Charles-Augustin,
_d1804-1869
_9162958
245 1 0 _aDélibération sur les pétitions signalant au Sénat les tendances matérialistes de l'enseignement dans certaines Facultés et demandant la liberté de l'enseignement supérieur
_b: séance du mardi 19 mai 1868 /
_cdiscours de Sainte-Beuve.
260 _aParis :
_b[s.n.,
_cs.a.] (
_fImprimerie de J. Claye)
300 _a15 p. ;
_c23 cm.
594 _aTítulo tomado de principio del texto, sin portada.
595 _aExtrait du "Moniteur universel" du mercredi 20 mai 1868.
852 _aES-MaACL
_jT-206-F-4
_z-- Enc. hol.
_z-- Enc. en un vol. facticio
999 _c164377
_d164377